000 00359pam a2200157a 44500
008 230515b1987 xxu||||| |||| 00| 0 eng d
020 _aNULL
041 _aENGLISH
082 _a630
100 _aGULATI R R
245 _aMONOCHROME & COLOUR TELEVISION
250 _a0
260 _aDELHI
_bWILEY EASTERN LIMITED
_c1987
300 _a774
650 _aNULL
999 _c651232
_d651232